| 000 | 00701nam a2200241 a 4500 | ||
|---|---|---|---|
| 001 | |||
| 003 | OSt | ||
| 005 | 20211116111526.0 | ||
| 008 | 180704s2017 dr 000 spa d | ||
| 020 | _a9789945609059 | ||
| 040 |
_aDO-SdBNP _bspa _cBPMSU |
||
| 082 |
_aRD863.44 _bG934a 2017 _222 |
||
| 100 | 1 |
_aGuerrero, Laureano, _d1952- |
|
| 245 | 1 | 0 |
_aAmores extraños. / _cLaureano Guerrero. |
| 260 |
_aSanto Domingo : _bSantuario, _c2017. |
||
| 300 |
_a184 p. ; _c24 cm. |
||
| 500 | _aIncluye datos biográficos del autor en la solapa de la cubierta. | ||
| 590 | _aInventariado,2021/VM | ||
| 650 | 4 | _aNovela dominicana | |
| 650 | 4 | _aLiteratura dominicana | |
| 910 | _aVMateo V. | ||
| 942 |
_2ddc _cBK |
||
| 999 |
_c13876 _d13876 |
||